THE CONQUERORS / (Record no. 616428)

000 -LEADER
fixed length control field 00330nam a22001337a 4500
020 ## - INTERNATIONAL STANDARD BOOK NUMBER
Qualifying information PB.
040 ## - CATALOGING SOURCE
Transcribing agency FIZZA ISHAQ
082 ## - DEWEY DECIMAL CLASSIFICATION NUMBER
Classification number 843.912
Author Mark AND
100 ## - MAIN ENTRY--PERSONAL NAME
Personal name MALRAUX,ANDRE.
9 (RLIN) 57810
245 ## - TITLE STATEMENT
Title THE CONQUERORS /
Statement of responsibility, etc. ANDRE MALRAUX.
260 ## - PUBLICATION, DISTRIBUTION, ETC.
Place of publication, distribution, etc. NEW YORK ;
Name of publisher, distributor, etc. BEACON PRESS,
Date of publication, distribution, etc. 1929.
300 ## - PHYSICAL DESCRIPTION
Extent 193 P. ;
Dimensions 7.9X5.1IN
942 ## - ADDED ENTRY ELEMENTS (KOHA)
Source of classification or shelving scheme
Koha item type Book

No items available.

© 2023 Central Library, National University of Sciences and Technology. All Rights Reserved.